La crise allemande de 1900-1902 (Record no. 139712)
[ view plain ]
| 000 -LEADER | |
|---|---|
| campo de control de longitud fija | 00533nam a2200157 4500 |
| 001 - NÚMERO DE CONTROL | |
| campo de control | 139712 |
| 003 - IDENTIFICADOR DE NÚMERO DE CONTROL | |
| campo de control | ES-MaACL |
| 005 - FECHA Y HORA DE LA ÚLTIMA TRANSACCIÓN | |
| campo de control | 20230906195901.0 |
| 007 - CAMPO FIJO DE DESCRIPCIÓN FÍSICA--INFORMACIÓN GENERAL | |
| campo de control de longitud fija | t| |
| 008 - DATOS DE LONGITUD FIJA--INFORMACIÓN GENERAL | |
| campo de control de longitud fija | 070214s1903 fr r ||||1| fre d |
| 100 1# - ENTRADA PRINCIPAL--NOMBRE DE PERSONA | |
| Nombre de persona | Sayous, André-E. |
| 9 (RLIN) | 104110 |
| 245 13 - MENCIÓN DEL TÍTULO | |
| Título | La crise allemande de 1900-1902 |
| Resto del título | : la charbon, le fer et l'acier : suivi d'un index des principaux cartels miniers et sidérurgiques d'Allemagne / |
| Mención de responsabilidad, etc. | André-E. Sayous. |
| 260 ## - PUBLICACIÓN, DISTRIBUCIÓN, ETC. | |
| Lugar de publicación, distribución, etc. | Paris : |
| Nombre del editor, distribuidor, etc. | Larose, |
| Fecha de publicación, distribución, etc. | 1903. |
| 300 ## - DESCRIPCIÓN FÍSICA | |
| Extensión | XV, 377 p. ; |
| Dimensiones | 19 cm. |
| 852 ## - LOCALIZACIÓN | |
| Ubicación | ES-MaACL |
| Número de control de estantería | D-1770 |
| Estatus retirado | Estado de pérdida | Estado de daño | No para préstamo | Biblioteca de origen | Biblioteca actual | Ubicación en estantería | Fecha de adquisición | Fuente de adquisición | Total de préstamos | Signatura topográfica completa | Código de barras | Visto por última vez | Precio de reemplazo | Tipo de ítem Koha |
|---|---|---|---|---|---|---|---|---|---|---|---|---|---|---|
| Biblioteca del Ateneo de Madrid | Biblioteca del Ateneo de Madrid | Sala Valle Inclán | 17/01/2008 | D-1770 | 901145390 | 23/02/2023 | 23/02/2023 | Libro impreso |
